000 01286nam0a22002651 4500
001 rc\4383527
005 20260406120128.0
021 _aRU
_b[63-72821]
035 _a(NLR Aleph) 008549426
090 _a8397008
_c8397008
100 _a20130416d1963 |||y0rusy50 ca
101 0 _arus
102 _aRU
105 _aa z |||||
200 1 _aВоспитываем поколение будущего
_e(Из опыта работы Сафонов. школы-интерната)
_e[Сборник статей]
_fСмол. пром. и сел. обл. отд. нар. образования. Смол. ин-т усовершенствования учителей. Смол. пед. ин-т им. Карла Маркса
210 _aСмоленск
_cКн. изд-во
_d1963
215 _a100 с.
_cил.
_d22
606 _aШколы-интернаты
_yСмоленская область
_2psbo
606 _aУчебно-воспитательная работа в школах-интернатах
_2psbo
712 0 2 _aСмоленский областной институт усовершенствования учителей
_3RU\NLR\AUTH\8812490
_9297750
801 0 _aRU
_bNLR
_gpsbo
801 1 _aRU
_bELAR
_2rusmarc
852 _aNLR
_j63-6/11607
942 _cBOOK
980 _aNB